The structure of science : problems in the logic of scientific explanation /

Guardado en:
Autor Principal: Nagel, Ernest, 1901-1985.
Formato: Libro
Idioma:English
Publicado: New York : Harcourt, Brace & World, c1961.
Etiquetas: Agregar Etiqueta
Sin Etiquetas, Sea el primero en etiquetar este registro!
LEADER 00532nam a22001575a 4500
001 MAT.inmabb001428
008 031124s1961####nyu###########000#0#eng#d
005 20170815161014.0
245 1 4 |a The structure of science :  |b problems in the logic of scientific explanation /  |c Ernest Nagel. 
260 |a New York :  |b Harcourt, Brace & World,  |c c1961. 
300 |a xiii, 618 p. ;  |c 24 cm. 
510 4 |a MR,  |c 25 #4987 
100 1 |a Nagel, Ernest,  |d 1901-1985. 
084 |a 00A30  |2 msc2000 
010 |a  60015504  
859 |h 00A30  |i N147  |p A-1699  |b BIB. MATEMATICA